[Event "Oberliga Nord W 2122"]
[Site "Germany"]
[Date "2022.05.01"]
[Round "9.2"]
[White "Wittje, Berthold"]
[Black "Ackermann, Dennie"]
[Result "1-0"]
[WhiteElo "2229"]
[BlackElo "2120"]
[PlyCount "109"]
[EventDate "2021.10.10"]
[EventType "team-tourn"]
[EventRounds "9"]
[EventCountry "GER"]
[SourceTitle "EXT 2023"]
[Source "ChessBase"]
[SourceDate "2022.10.05"]
[SourceVersion "1"]
[SourceVersionDate "2022.10.05"]
[SourceQuality "1"]
[WhiteTeam "Oldenburg Union"]
[BlackTeam "Hannover"]
[WhiteTeamCountry "GER"]
[BlackTeamCountry "GER"]

1. Nf3 d5 2. g3 c5 3. Bg2 Nf6 4. 0-0 e6 5. c4 d4 6. e3 Nc6 7. exd4 cxd4 8. Re1 Bd6 9. d3 h6 10. Na3 0-0 11. Nc2 a5 12. Bd2 e5 13. c5 Bc7 14. b4 axb4 15. Nxb4 Re8 16. a3 Bf5 17. Nh4 Bg4 18. Qb3 Qd7 19. Nd5 Nxd5 20. Qxd5 g5 21. Qxd7 Bxd7 22. Nf3 Ra7 23. h4 g4 24. Nh2 Kg7 25. Rab1 Rea8 26. Rb3 Bc8 27. Bc1 h5 28. Nf1 Ra5 29. Nd2 Rxc5 30. Nc4 Na5 31. Nxa5 Bxa5 32. Rd1 Ra7 33. f4 f6 34. fxe5 fxe5 35. Be4 b5 36. Rf1 Be6 37. Rb2 Bc3 38. Rbf2 Rf7 39. Bh6+ Kg8 40. Rf6 Rxf6 41. Rxf6 Bf7 42. Rb6 Be8 43. Rb7 Ba5 44. Rg7+ Kh8 45. Ra7 Bc6 46. Rxa5 Bxe4 47. dxe4 Rc3 48. Kf2 Rc2+ 49. Kf1 Rc3 50. Rxb5 Rxa3 51. Rxe5 Rxg3 52. Rxh5 Rf3+ 53. Kg2 Rd3 54. Rd5 Kh7 55. Bf4 1-0

[Event "Oberliga Nord W 2122"]
[Site "Germany"]
[Date "2022.04.24"]
[Round "5.2"]
[White "Wittje, Berthold"]
[Black "Abel, Dennes"]
[Result "1/2-1/2"]
[WhiteElo "2229"]
[BlackElo "2446"]
[PlyCount "118"]
[EventDate "2021.10.10"]
[EventType "team-tourn"]
[EventRounds "9"]
[EventCountry "GER"]
[SourceTitle "EXT 2023"]
[Source "ChessBase"]
[SourceDate "2022.10.05"]
[SourceVersion "1"]
[SourceVersionDate "2022.10.05"]
[SourceQuality "1"]
[WhiteTeam "Oldenburg Union"]
[BlackTeam "Lister Turm"]
[WhiteTeamCountry "GER"]
[BlackTeamCountry "GER"]

1. Nf3 d5 2. g3 c6 3. Bg2 Nf6 4. 0-0 Bg4 5. c4 e6 6. cxd5 Bxf3 7. Bxf3 cxd5 8. Nc3 Nc6 9. d3 Be7 10. Qb3 Qd7 11. Bg2 0-0 12. Bf4 Nd4 13. Qd1 Rac8 14. Rc1 a6 15. Be3 Nf5 16. Bf4 Nd4 17. Be3 Bc5 18. Bg5 Ne8 19. e3 Nf5 20. e4 Be7 21. Bxe7 Nxe7 22. exd5 Nxd5 23. Nxd5 Rxc1 24. Qxc1 exd5 25. Qc5 Nf6 26. Rc1 Re8 27. Bf3 h5 28. h4 Qf5 29. Kg2 Qxd3 30. Rd1 Qf5 31. Qd6 Qe6 32. Qc7 b5 33. Rc1 Qf5 34. Qb6 Rc8 35. Rc6 Rxc6 36. Qxc6 Qe6 37. Qc5 g6 38. b3 Kh7 39. a4 Ne4 40. Qd4 bxa4 41. bxa4 a5 42. Qe3 Qc6 43. Qa7 Kg7 44. Qxa5 Qc2 45. Qa7 Qd3 46. Qe3 Qc4 47. a5 Qa2 48. Qb6 Nxf2 49. Qxf2 Qxa5 50. Qd4+ Kg8 51. Bxd5 Qb5 52. Qe5 Qd7 53. Kh2 Kf8 54. Qb8+ Kg7 55. Qb7 Qxb7 56. Bxb7 f5 57. Bc6 g5 58. Kh3 Kh6 59. Be8 f4 1/2-1/2

[Event "Oberliga Nord W 1920"]
[Site "Germany"]
[Date "2019.12.08"]
[Round "4.5"]
[White "Wittje, Berthold"]
[Black "Oehne, Timo"]
[Result "1/2-1/2"]
[WhiteElo "2224"]
[BlackElo "2097"]
[PlyCount "52"]
[EventDate "2019.09.29"]
[EventType "team-tourn"]
[EventRounds "9"]
[EventCountry "GER"]
[SourceTitle "CBM 195 Extra"]
[Source "ChessBase"]
[SourceDate "2020.05.31"]
[SourceVersion "1"]
[SourceVersionDate "2020.05.31"]
[SourceQuality "1"]

1. Nf3 Nf6 2. c4 g6 3. g3 Bg7 4. Bg2 0-0 5. d4 c5 6. 0-0 cxd4 7. Nxd4 d6 8. Nc3 a6 9. b3 Qc7 10. Bb2 Nc6 11. Rc1 Nxd4 12. Qxd4 Bd7 13. Nd5 Qd8 14. Rc2 Bc6 15. Qb6 Nxd5 16. Qxd8 Rfxd8 17. cxd5 Bd7 18. Bxg7 Kxg7 19. Rc7 Rab8 20. f4 Kf8 21. Kf2 Ke8 22. Rfc1 Rdc8 23. Bf3 Rxc7 24. Rxc7 Kd8 25. Rc3 Rc8 26. Rxc8+ Kxc8 1/2-1/2

[Event "Oberliga Nord W 1920"]
[Site "Germany"]
[Date "2019.09.29"]
[Round "1.5"]
[White "Wittje, Berthold"]
[Black "Zelcic, Robert"]
[Result "0-1"]
[WhiteElo "2223"]
[BlackElo "2508"]
[PlyCount "88"]
[EventDate "2019.09.29"]
[EventType "team-tourn"]
[EventRounds "9"]
[EventCountry "GER"]
[SourceTitle "CBM 195 Extra"]
[Source "ChessBase"]
[SourceDate "2020.05.31"]
[SourceVersion "1"]
[SourceVersionDate "2020.05.31"]
[SourceQuality "1"]

1. Nf3 d5 2. g3 c5 3. Bg2 Nf6 4. 0-0 e6 5. c4 d4 6. e3 Nc6 7. exd4 cxd4 8. Re1 Bd6 9. b3 0-0 10. Ba3 e5 11. d3 Bg4 12. h3 Bh5 13. Bxd6 Qxd6 14. a3 a5 15. Nbd2 Nd7 16. Ne4 Qe7 17. g4 Bg6 18. Nfd2 f5 19. gxf5 Rxf5 20. Ng3 Rf4 21. Nde4 Raf8 22. b4 Nf6 23. Re2 Nxe4 24. Bxe4 Bxe4 25. Nxe4 Rf3 26. Kg2 axb4 27. c5 Qe6 28. Ng3 Qg6 29. Qb3+ Kh8 30. axb4 e4 31. Qd5 Nxb4 32. Qxe4 Qf7 33. Rd1 Rxf2+ 34. Kg1 h6 35. Rdd2 Rf4 36. Qe6 Rf3 37. Qxf7 R8xf7 38. Re8+ Kh7 39. Ne2 Rf1+ 40. Kg2 R1f2+ 41. Kg1 Nd5 42. Kh1 Ne3 43. Nxd4 Rxd2 44. Rxe3 Rf1# 0-1

[Event "Oberliga Nord W 1819"]
[Site "Germany"]
[Date "2019.03.24"]
[Round "8.3"]
[White "Polster, Christian"]
[Black "Wittje, Berthold"]
[Result "1/2-1/2"]
[WhiteElo "2294"]
[BlackElo "2244"]
[PlyCount "173"]
[EventDate "2018.10.21"]
[EventType "team-tourn"]
[EventRounds "9"]
[EventCountry "GER"]
[SourceTitle "EXT 2020"]
[Source "ChessBase"]
[SourceDate "2019.10.17"]
[SourceVersion "1"]
[SourceVersionDate "2019.10.17"]
[SourceQuality "1"]
[WhiteTeam "Lister Turm"]
[BlackTeam "Oldenburg Union"]
[WhiteTeamCountry "GER"]
[BlackTeamCountry "GER"]

1. e4 e5 2. Nf3 Nc6 3. Bc4 Bc5 4. c3 Nf6 5. d4 exd4 6. cxd4 Bb4+ 7. Nc3 Nxe4 8. 0-0 Bxc3 9. d5 Ne5 10. bxc3 Nxc4 11. Re1 Ncd6 12. Ng5 0-0 13. Nxe4 Nxe4 14. Rxe4 Re8 15. Rd4 d6 16. Be3 Bf5 17. h4 Re4 18. Qf3 Rxd4 19. Bxd4 Bd7 20. Qg3 Qf8 21. Rb1 b6 22. h5 h6 23. Rb4 a5 24. Rb3 Re8 25. Qf4 Re1+ 26. Kh2 Qe7 27. f3 Qg5 28. Qxg5 hxg5 29. Rb2 f6 30. h6 Kh7 31. hxg7 Kxg7 32. g4 Bc8 33. f4 Kg6 34. fxg5 fxg5 35. Rf2 Bxg4 36. Rf6+ Kh5 37. Rf7 Rd1 38. Rxc7 Bf3 39. Kg3 Bxd5 40. Rh7+ Kg6 41. Rd7 Rd3+ 42. Kf2 Bxa2 43. Rxd6+ Kf5 44. Rxb6 a4 45. Ra6 Bb3 46. Ra8 Rh3 47. Ra5+ Kf4 48. Be5+ Kg4 49. c4 Rf3+ 50. Ke1 Rf5 51. Bc3 Rf8 52. Bd2 Re8+ 53. Kf2 Rg8 54. Kg2 Kh4 55. Be1+ Kh5 56. Bd2 Kg4 57. Be3 Bc2 58. Kf2 Kh4 59. Ra6 Rf8+ 60. Ke1 g4 61. Kd2 Bb3 62. c5 g3 63. Rh6+ Kg4 64. Rg6+ Kf3 65. Bd4 Rd8 66. Kc3 g2 67. c6 Bd5 68. c7 Rc8 69. Kb4 Rxc7 70. Bc5 Bb3 71. Rf6+ Ke4 72. Rg6 Rb7+ 73. Ka3 Kf3 74. Rf6+ Kg3 75. Rg6+ Kh3 76. Rh6+ Kg4 77. Rg6+ Kf3 78. Rf6+ Ke4 79. Rg6 Kd5 80. Bb4 Rf7 81. Rxg2 Rf3 82. Kb2 Kc4 83. Bd2 Bd1 84. Rg7 a3+ 85. Ka2 Bb3+ 86. Kxa3 Bd1+ 87. Kb2 1/2-1/2

[Event "Oberliga Nord W 1819"]
[Site "Germany"]
[Date "2019.02.03"]
[Round "6.3"]
[White "Wittje, Berthold"]
[Black "Schulz, Daniel"]
[Result "1/2-1/2"]
[WhiteElo "2244"]
[BlackElo "2111"]
[PlyCount "141"]
[EventDate "2018.10.21"]
[EventType "team-tourn"]
[EventRounds "9"]
[EventCountry "GER"]
[SourceTitle "EXT 2020"]
[Source "ChessBase"]
[SourceDate "2019.10.17"]
[SourceVersion "1"]
[SourceVersionDate "2019.10.17"]
[SourceQuality "1"]
[WhiteTeam "Oldenburg Union"]
[BlackTeam "Hannover"]
[WhiteTeamCountry "GER"]
[BlackTeamCountry "GER"]

1. Nf3 g6 2. g3 Bg7 3. d4 Nf6 4. c4 c6 5. Nc3 d5 6. cxd5 cxd5 7. Bg2 Nc6 8. Ne5 0-0 9. 0-0 Ne4 10. Nxc6 bxc6 11. Nxe4 dxe4 12. Bxe4 Bh3 13. Bxc6 Bxf1 14. Bxa8 Bxe2 15. Qxe2 Qxa8 16. Be3 Rd8 17. Rd1 e6 18. Qc4 Qb7 19. b3 Rc8 20. Qa4 h5 21. d5 exd5 22. Qxa7 Qxa7 23. Bxa7 Ra8 24. Bc5 Rxa2 25. Rxd5 Rb2 26. Rd8+ Kh7 27. b4 Bc3 28. Rb8 Be5 29. Rb7 Kg7 30. Kg2 Rb3 31. Be3 Bc3 32. b5 Be5 33. b6 Kf6 34. Kf1 Rb2 35. h4 Ke6 36. Ra7 Bd6 37. Kg2 Rb5 38. Kf3 Rb4 39. Ra2 Be5 40. Rd2 Bd6 41. Ke2 Rb5 42. Ra2 Be5 43. Kd3 Bd6 44. Kc4 Rb4+ 45. Kc3 Rb5 46. Ra7 Rb1 47. Ra4 Kd5 48. Ra5+ Ke6 49. Kc2 Rb4 50. Ra2 Be5 51. Ra3 Rb2+ 52. Kd3 Rb4 53. Ra5 Bd6 54. Bd4 Rb3+ 55. Kc4 Rb4+ 56. Kc3 Rb1 57. Ra2 Kd5 58. Be3 Be5+ 59. Kc2 Rb5 60. Ra8 Rb2+ 61. Kd3 Rb3+ 62. Ke2 Bd6 63. Rd8 Ke6 64. Kd2 Rb5 65. Kc3 Rb1 66. Rc8 Kd5 67. Ra8 Rb5 68. Ra7 Ke6 69. b7 Bb8 70. Ra6+ Kd5 71. Rb6 1/2-1/2

[Event "Oberliga Nord W 1819"]
[Site "Germany"]
[Date "2018.12.16"]
[Round "4.3"]
[White "Wittje, Berthold"]
[Black "Pawelzik, Malte"]
[Result "1/2-1/2"]
[WhiteElo "2244"]
[BlackElo "2127"]
[PlyCount "73"]
[EventDate "2018.10.21"]
[EventType "team-tourn"]
[EventRounds "9"]
[EventCountry "GER"]
[SourceTitle "EXT 2020"]
[Source "ChessBase"]
[SourceDate "2019.10.17"]
[SourceVersion "1"]
[SourceVersionDate "2019.10.17"]
[SourceQuality "1"]
[WhiteTeam "Oldenburg Union"]
[BlackTeam "Hannover SF"]
[WhiteTeamCountry "GER"]
[BlackTeamCountry "GER"]

1. Nf3 Nf6 2. c4 g6 3. g3 c6 4. b3 Bg7 5. Bb2 d5 6. Bg2 Qb6 7. cxd5 Ne4 8. d4 cxd5 9. 0-0 Nc6 10. Nc3 Nxc3 11. Bxc3 0-0 12. Qd2 a5 13. Ne5 a4 14. Nxc6 bxc6 15. bxa4 Rxa4 16. e3 Ba6 17. Rfb1 Qa7 18. Rb4 Bc4 19. Rxa4 Qxa4 20. Bb4 Re8 21. Bf3 e5 22. Bc5 h5 23. Bd1 Qa6 24. a4 exd4 25. Bxd4 c5 26. Bxg7 Kxg7 27. Rb1 Qf6 28. Qc1 h4 29. a5 Re6 30. Bg4 Ra6 31. Qd2 hxg3 32. hxg3 Qg5 33. Qc3+ Qf6 34. Qd2 Qd8 35. Qc3+ Qf6 36. Qd2 Qd8 37. Qc3+ 1/2-1/2

[Event "Oberliga Nord W 1819"]
[Site "Germany"]
[Date "2018.11.25"]
[Round "3.3"]
[White "Hoeffer, David"]
[Black "Wittje, Berthold"]
[Result "0-1"]
[WhiteElo "2245"]
[BlackElo "2244"]
[PlyCount "147"]
[EventDate "2018.10.21"]
[EventType "team-tourn"]
[EventRounds "9"]
[EventCountry "GER"]
[SourceTitle "EXT 2020"]
[Source "ChessBase"]
[SourceDate "2019.10.17"]
[SourceVersion "1"]
[SourceVersionDate "2019.10.17"]
[SourceQuality "1"]
[WhiteTeam "Delmenhorst"]
[BlackTeam "Oldenburg Union"]
[WhiteTeamCountry "GER"]
[BlackTeamCountry "GER"]

1. e4 Nf6 2. e5 Nd5 3. d4 d6 4. c4 Nb6 5. exd6 exd6 6. Nc3 Nc6 7. d5 Ne5 8. f4 Ng4 9. Be2 Qe7 10. Qd4 c5 11. dxc6 bxc6 12. Nf3 c5 13. Qd3 g6 14. 0-0 Bf5 15. Qd2 Bg7 16. h3 Nf6 17. Bd3 Bxd3 18. Qxd3 0-0 19. f5 d5 20. cxd5 c4 21. d6 Qd7 22. Qd2 Qxf5 23. Qf4 Qxf4 24. Bxf4 Nfd5 25. Nxd5 Nxd5 26. Be5 Rad8 27. Rfd1 Ne3 28. Rd2 c3 29. Bxc3 Nc4 30. Rd3 Rxd6 31. Rxd6 Nxd6 32. Bxg7 Kxg7 33. Rd1 Rd8 34. Ne5 Nb7 35. Rc1 Rd2 36. Nxf7 Rxb2 37. Rc7 Kf6 38. h4 a5 39. Ng5 h6 40. Ne4+ Ke5 41. Nf2 Kd4 42. Rd7+ Kc4 43. Nd3 Rb5 44. a4 Rb6 45. Kh2 Nd6 46. Nf4 Kb3 47. Nxg6 Kxa4 48. Nf4 Kb3 49. Ra7 a4 50. Nd3 a3 51. Nc5+ Ka2 52. g4 Rb2+ 53. Kh3 Rc2 54. Ra5 Nc4 55. Ra6 Rc3+ 56. Kh2 Ne5 57. Ne4 Nxg4+ 58. Kg2 Re3 59. Nd2 Ne5 60. Kf1 Kb2 61. Kf2 Ng4+ 62. Kg2 Rc3 63. Rb6+ Kc2 64. Nb1 a2 65. Nxc3 a1Q 66. Ne2 Qe1 67. Rc6+ Kd2 68. Ng3 Ne5 69. Rxh6 Ke3 70. Re6 Qd2+ 71. Kh3 Qd7 72. Nf5+ Kf4 73. Rf6 Ng4 74. Rf8 0-1

[Event "BL2-Nord 1718"]
[Site "Germany"]
[Date "2018.04.15"]
[Round "9.5"]
[White "Wittje, Berthold"]
[Black "Ribic, Kasmir"]
[Result "1/2-1/2"]
[WhiteElo "2211"]
[BlackElo "2274"]
[PlyCount "20"]
[EventDate "2017.10.08"]
[EventType "team-tourn"]
[EventRounds "9"]
[EventCountry "GER"]
[SourceTitle "EXT 2019"]
[Source "ChessBase"]
[SourceDate "2018.10.10"]
[SourceVersion "1"]
[SourceVersionDate "2018.10.10"]
[SourceQuality "1"]
[WhiteTeam "Oldenburg Union"]
[BlackTeam "Zehlendorf"]
[WhiteTeamCountry "GER"]
[BlackTeamCountry "GER"]

1. Nf3 d5 2. g3 c6 3. Bg2 Nf6 4. c4 Bg4 5. cxd5 cxd5 6. Ne5 Be6 7. Nc3 Nc6 8. d4 Qb6 9. Nxc6 bxc6 10. 0-0 g6 1/2-1/2

[Event "BL2-Nord 1718"]
[Site "Germany"]
[Date "2018.02.25"]
[Round "7.6"]
[White "Thesing, Matthias"]
[Black "Wittje, Berthold"]
[Result "1/2-1/2"]
[WhiteElo "2317"]
[BlackElo "2211"]
[PlyCount "103"]
[EventDate "2017.10.08"]
[EventType "team-tourn"]
[EventRounds "9"]
[EventCountry "GER"]
[SourceTitle "CBM 183 Extra"]
[Source "ChessBase"]
[SourceDate "2018.04.19"]
[SourceVersion "1"]
[SourceVersionDate "2018.04.19"]
[SourceQuality "1"]
[WhiteTeam "Kreuzberg"]
[BlackTeam "Oldenburg Union"]
[WhiteTeamCountry "GER"]
[BlackTeamCountry "GER"]

1. e4 Nf6 2. e5 Nd5 3. d4 d6 4. Nf3 Bg4 5. Be2 c6 6. 0-0 Bxf3 7. Bxf3 dxe5 8. dxe5 e6 9. Nd2 Qc7 10. Re1 Nd7 11. Qe2 Rd8 12. g3 Be7 13. h4 0-0 14. a3 Bc5 15. Nb3 Be7 16. Bd2 Nc5 17. Bg5 b6 18. Nxc5 Bxc5 19. Bd2 Ne7 20. Rad1 Nf5 21. Qe4 Rd4 22. Qxc6 Qxc6 23. Bxc6 Rfd8 24. b4 Be7 25. Re2 Rc4 26. Be4 Nd4 27. Ree1 Nxc2 28. Bxc2 Rxc2 29. Be3 Kf8 30. Rxd8+ Bxd8 31. Rd1 Ke8 32. b5 Be7 33. a4 Bc5 34. Rc1 Rxc1+ 35. Bxc1 h5 36. Kf1 Bd4 37. Bf4 Bc5 38. Ke2 Bd4 39. f3 Bc5 40. Be3 Be7 41. Kd3 Kd7 42. Kc4 Kc7 43. Bd2 g6 44. a5 bxa5 45. Bxa5+ Kb7 46. Bb4 Bd8 47. Bc5 Ba5 48. Bf2 Bd2 49. Kd3 Bc1 50. Ke4 Bd2 51. g4 Bc1 52. Bd4 1/2-1/2

[Event "BL2-Nord 1718"]
[Site "Germany"]
[Date "2018.01.21"]
[Round "5.6"]
[White "Wlodarczyk, Oskar"]
[Black "Wittje, Berthold"]
[Result "1/2-1/2"]
[WhiteElo "2278"]
[BlackElo "2211"]
[PlyCount "97"]
[EventDate "2017.10.08"]
[EventType "team-tourn"]
[EventRounds "9"]
[EventCountry "GER"]
[SourceTitle "CBM 183 Extra"]
[Source "ChessBase"]
[SourceDate "2018.04.19"]
[SourceVersion "1"]
[SourceVersionDate "2018.04.19"]
[SourceQuality "1"]
[WhiteTeam "Glueck Auf Ruedersdorf"]
[BlackTeam "Oldenburg Union"]
[WhiteTeamCountry "GER"]
[BlackTeamCountry "GER"]

1. e4 Nf6 2. e5 Nd5 3. d4 d6 4. c4 Nb6 5. exd6 exd6 6. Nc3 Nc6 7. Be3 Be7 8. Bd3 0-0 9. b3 Re8 10. Nge2 Bg4 11. Qd2 d5 12. c5 Nc8 13. 0-0 Bf6 14. h3 Bxe2 15. Nxe2 N8e7 16. b4 a6 17. a3 Qd7 18. Qc2 Ng6 19. Rab1 Qe7 20. Qd2 Nf8 21. Bc2 Ne6 22. b5 axb5 23. Rxb5 Rxa3 24. Rxb7 Na5 25. Qb4 Rxe3 26. fxe3 Nxb7 27. Qxb7 Nd8 28. Qb3 Qxe3+ 29. Qxe3 Rxe3 30. Kf2 Ra3 31. Rb1 g6 32. Rb8 Kg7 33. Rc8 Ne6 34. Bd1 Nxd4 35. Rxc7 Bh4+ 36. g3 Rf3+ 37. Kg2 Rd3 38. Nxd4 Rxd4 39. Bg4 Rd2+ 40. Kf3 Rd3+ 41. Ke2 Rxg3 42. Be6 Rg2+ 43. Kd3 Rf2 44. Bxd5 Rf5 45. Kc4 Bg3 46. Re7 h5 47. c6 Rf1 48. Kd3 Rd1+ 49. Kc4 1/2-1/2

[Event "BL2-Nord 1718"]
[Site "Germany"]
[Date "2017.11.12"]
[Round "3.5"]
[White "Wittje, Berthold"]
[Black "Bromann, Thorbjorn"]
[Result "1/2-1/2"]
[WhiteElo "2211"]
[BlackElo "2384"]
[PlyCount "73"]
[EventDate "2017.10.08"]
[EventType "team-tourn"]
[EventRounds "9"]
[EventCountry "GER"]
[SourceTitle "CBM 183 Extra"]
[Source "ChessBase"]
[SourceDate "2018.04.19"]
[SourceVersion "1"]
[SourceVersionDate "2018.04.19"]
[SourceQuality "1"]
[WhiteTeam "Oldenburg Union"]
[BlackTeam "Kiel Turm"]
[WhiteTeamCountry "GER"]
[BlackTeamCountry "GER"]

1. Nf3 g6 2. g3 Bg7 3. Bg2 e5 4. c4 Nc6 5. Nc3 d6 6. Rb1 Be6 7. d3 h6 8. b4 Qd7 9. b5 Nd8 10. 0-0 f5 11. Nd5 c6 12. bxc6 bxc6 13. Nb4 Ne7 14. Na6 0-0 15. Qa4 Nf7 16. Ba3 Rfc8 17. Nd2 f4 18. Rb3 Nf5 19. Nf3 g5 20. Rfb1 Nd8 21. Bb2 g4 22. Nd2 h5 23. Ne4 Qe7 24. Bc3 h4 25. Qa3 fxg3 26. hxg3 hxg3 27. Nxg3 Nxg3 28. fxg3 Qg5 29. Qxd6 Qe3+ 30. Kh2 Qh6+ 31. Kg1 Qe3+ 32. Kf1 Qxg3 33. Nc7 Qf4+ 34. Ke1 Qg3+ 35. Kf1 Qf4+ 36. Ke1 Qg3+ 37. Kf1 1/2-1/2

[Event "Oberliga Nord W 1617"]
[Site "Germany"]
[Date "2016.10.16"]
[Round "1.4"]
[White "Wittje, Berthold"]
[Black "Lick, Patrick"]
[Result "1/2-1/2"]
[WhiteElo "2214"]
[BlackElo "2202"]
[PlyCount "87"]
[EventDate "2016.10.16"]
[EventType "team-tourn"]
[EventRounds "9"]
[EventCountry "GER"]
[SourceTitle "EXT 2018"]
[Source "ChessBase"]
[SourceDate "2017.10.13"]
[SourceVersion "1"]
[SourceVersionDate "2017.10.13"]
[SourceQuality "1"]
[WhiteTeam "Oldenburg Union"]
[BlackTeam "Hannover"]
[WhiteTeamCountry "GER"]
[BlackTeamCountry "GER"]

1. Nf3 Nf6 2. c4 e6 3. g3 d5 4. Bg2 Be7 5. 0-0 0-0 6. b3 c6 7. Bb2 Nbd7 8. d3 a5 9. Qc2 Re8 10. Nc3 Bf8 11. Rac1 Nc5 12. Rfd1 d4 13. Ne4 e5 14. Nxf6+ Qxf6 15. e3 Bg4 16. exd4 Bxf3 17. Bxf3 Qxf3 18. dxc5 Bxc5 19. Re1 f6 20. Bc3 Red8 21. Rcd1 Bd4 22. Bxd4 Rxd4 23. Qe2 Qf5 24. Rd2 Rad8 25. Red1 Qd7 26. f3 h5 27. f4 e4 28. Qxh5 Rxd3 29. Rxd3 exd3 30. Rd2 Qd4+ 31. Kf1 a4 32. Qf3 axb3 33. axb3 Qc3 34. Qd1 b5 35. cxb5 cxb5 36. Kf2 b4 37. Ke3 Qd4+ 38. Kf3 f5 39. Kg2 Qd5+ 40. Kf2 Qd4+ 41. Kg2 Qe3 42. Kf1 Qe4 43. Kf2 Qd4+ 44. Kg2 1/2-1/2

[Event "Oberliga Nord W 1516"]
[Site "Germany"]
[Date "2016.02.21"]
[Round "7.5"]
[White "Kessler, Marcel"]
[Black "Wittje, Berthold"]
[Result "1-0"]
[WhiteElo "2001"]
[BlackElo "2223"]
[PlyCount "79"]
[EventDate "2015.09.20"]
[EventType "team-tourn"]
[EventRounds "9"]
[EventCountry "GER"]
[SourceTitle "EXT 2017"]
[Source "ChessBase"]
[SourceDate "2016.10.25"]
[SourceVersion "1"]
[SourceVersionDate "2016.10.25"]
[SourceQuality "1"]
[WhiteTeam "Wolfsburg"]
[BlackTeam "Oldenburg Union"]
[WhiteTeamCountry "GER"]
[BlackTeamCountry "GER"]

1. d4 Nf6 2. Nf3 e6 3. e3 c5 4. Bd3 b6 5. Qe2 Nc6 6. a3 Bb7 7. Nbd2 Be7 8. 0-0 Qc7 9. b3 0-0 10. Bb2 Rad8 11. dxc5 bxc5 12. Ng5 h6 13. f4 d5 14. Nh3 e5 15. fxe5 Nxe5 16. Rf5 Neg4 17. Rf4 Bc8 18. Nf3 Rfe8 19. Bb5 Bd7 20. Bxd7 Qxd7 21. Ne5 Nxe5 22. Bxe5 Qe6 23. Bb2 d4 24. Rf3 Nd5 25. e4 Bd6 26. Nf2 Qe5 27. g3 Nf6 28. Re1 Qh5 29. Kg2 Qg6 30. Qd3 Re7 31. c3 Be5 32. b4 Red7 33. c4 Bd6 34. e5 Re8 35. Qxg6 fxg6 36. Nd3 Rde7 37. exd6 Rxe1 38. Nxe1 Rxe1 39. Rxf6 gxf6 40. d7 1-0

[Event "BL2-Nord 1415"]
[Site "Germany"]
[Date "2015.04.12"]
[Round "9.5"]
[White "Wittje, Berthold"]
[Black "Schulz, Karsten"]
[Result "1/2-1/2"]
[WhiteElo "2244"]
[BlackElo "2292"]
[PlyCount "36"]
[EventDate "2014.09.21"]
[EventType "team-tourn"]
[EventRounds "9"]
[EventCountry "GER"]
[SourceTitle "CBM 166 Extra"]
[Source "ChessBase"]
[SourceDate "2015.06.18"]
[SourceVersion "1"]
[SourceVersionDate "2015.06.18"]
[SourceQuality "1"]
[WhiteTeam "Oldenburg Union"]
[BlackTeam "Schwerin"]
[WhiteTeamCountry "GER"]
[BlackTeamCountry "GER"]

1. Nf3 g6 2. c4 Bg7 3. d4 d6 4. g3 e5 5. dxe5 dxe5 6. Qxd8+ Kxd8 7. Bg2 f6 8. Nc3 c6 9. b3 Kc7 10. Ba3 Nh6 11. 0-0-0 Nf7 12. Rd2 Be6 13. Rhd1 Nd7 14. Ne4 Rad8 15. Be7 Rde8 16. Bb4 Rd8 17. Be7 Rde8 18. Bb4 Rd8 1/2-1/2

[Event "BL2-Nord 1415"]
[Site "Germany"]
[Date "2015.02.22"]
[Round "7.4"]
[White "Janaszak, Dawid"]
[Black "Wittje, Berthold"]
[Result "1-0"]
[WhiteElo "2363"]
[BlackElo "2244"]
[PlyCount "35"]
[EventDate "2014.09.21"]
[EventType "team-tourn"]
[EventRounds "9"]
[EventCountry "GER"]
[SourceTitle "CBM 166 Extra"]
[Source "ChessBase"]
[SourceDate "2015.06.18"]
[SourceVersion "1"]
[SourceVersionDate "2015.06.18"]
[SourceQuality "1"]
[WhiteTeam "Ruedersdorf"]
[BlackTeam "Oldenburg Union"]
[WhiteTeamCountry "GER"]
[BlackTeamCountry "GER"]

1. d4 Nf6 2. c4 e6 3. Nf3 Bb4+ 4. Nbd2 0-0 5. g3 d5 6. Bg2 dxc4 7. Qc2 b5 8. a4 bxa4 9. 0-0 Bb7 10. Nxc4 c5 11. Rxa4 Be4 12. Qb3 Nc6 13. dxc5 Bxc5 14. Bf4 h6 15. Ncd2 Bd5 16. Qc2 Qb6 17. e4 Nxe4 18. Rxe4 1-0

[Event "BL2-Nord 1415"]
[Site "Germany"]
[Date "2015.02.01"]
[Round "6.5"]
[White "Polzin, Rainer"]
[Black "Wittje, Berthold"]
[Result "1-0"]
[WhiteElo "2426"]
[BlackElo "2244"]
[PlyCount "57"]
[EventDate "2014.09.21"]
[EventType "team-tourn"]
[EventRounds "9"]
[EventCountry "GER"]
[SourceTitle "CBM 166 Extra"]
[Source "ChessBase"]
[SourceDate "2015.06.18"]
[SourceVersion "1"]
[SourceVersionDate "2015.06.18"]
[SourceQuality "1"]
[WhiteTeam "Berlin SF II"]
[BlackTeam "Oldenburg Union"]
[WhiteTeamCountry "GER"]
[BlackTeamCountry "GER"]

1. e4 Nf6 2. e5 Nd5 3. d4 d6 4. c4 Nb6 5. exd6 exd6 6. Nc3 Be7 7. Bd3 Nc6 8. Nge2 0-0 9. b3 Re8 10. 0-0 Bg4 11. Be3 Bg5 12. Qd2 Bxe3 13. fxe3 Qe7 14. Be4 f5 15. Bd5+ Kh8 16. Nf4 Qxe3+ 17. Qxe3 Rxe3 18. Nb5 g5 19. Ne6 h6 20. Nbxc7 Rc8 21. h3 Bh5 22. Rxf5 Nxd4 23. Nxd4 Rxc7 24. Rf6 Kh7 25. Nf5 Nxd5 26. Rxh6+ Kg8 27. Rxh5 Re5 28. Rxg5+ Kf7 29. Nh6+ 1-0

[Event "BL2-Nord 1415"]
[Site "Germany"]
[Date "2015.01.18"]
[Round "5.4"]
[White "Lehmann, Klaus"]
[Black "Wittje, Berthold"]
[Result "0-1"]
[WhiteElo "2339"]
[BlackElo "2244"]
[PlyCount "77"]
[EventDate "2014.09.21"]
[EventType "team-tourn"]
[EventRounds "9"]
[EventCountry "GER"]
[SourceTitle "CBM 166 Extra"]
[Source "ChessBase"]
[SourceDate "2015.06.18"]
[SourceVersion "1"]
[SourceVersionDate "2015.06.18"]
[SourceQuality "1"]
[WhiteTeam "Berlin Kreuzberg"]
[BlackTeam "Oldenburg Union"]
[WhiteTeamCountry "GER"]
[BlackTeamCountry "GER"]

1. e4 Nf6 2. e5 Nd5 3. Nf3 d6 4. h3 g6 5. d4 Bg7 6. c4 Nb6 7. exd6 cxd6 8. Nc3 0-0 9. Be2 Nc6 10. 0-0 Bf5 11. Be3 d5 12. c5 Nc4 13. Bxc4 dxc4 14. Qa4 Bd3 15. Rfd1 Qa5 16. Qxa5 Nxa5 17. Ne1 Bf5 18. Rd2 Nc6 19. g4 Bd7 20. Nc2 f5 21. f3 fxg4 22. fxg4 Rf3 23. Kg2 Raf8 24. Rf2 Rxf2+ 25. Bxf2 h5 26. d5 Ne5 27. Bg3 hxg4 28. hxg4 Bxg4 29. Re1 Nd3 30. Rxe7 Nxb2 31. Ne4 Bd1 32. Ne3 Bf3+ 33. Kh3 c3 34. d6 Nd1 35. Nc2 Be2 36. a4 Bd3 37. d7 Bxe4 38. Rxe4 Bf6 39. Bc7 0-1